[Event "Mostoles op 12th"]
[Site "Mostoles"]
[Date "2023.07.27"]
[Round "5"]
[White "Perez Hernandez, Alfonso"]
[Black "Ruiz Grau, David"]
[Result "0-1"]
[WhiteElo "1765"]
[BlackElo "1554"]
[PlyCount "104"]
[EventDate "2023.07.23"]
[EventType "swiss"]
[EventRounds "8"]
[EventCountry "ESP"]
[SourceTitle "CBM 215 Extra"]
[Source "ChessBase"]
[SourceDate "2023.09.30"]
[SourceVersion "1"]
[SourceVersionDate "2023.09.30"]
[SourceQuality "1"]

1. c4 c5 2. Nc3 Nc6 3. g3 g6 4. Bg2 Bg7 5. Nf3 e6 6. 0-0 Nge7 7. d3 0-0 8. Ne4 d6 9. Rb1 Rb8 10. Bg5 f5 11. Nc3 h6 12. Bd2 a6 13. a4 d5 14. Qc1 Kh7 15. Na2 a5 16. cxd5 Nd4 17. Nxd4 cxd4 18. b4 Nxd5 19. bxa5 Qd6 20. e4 dxe3 21. fxe3 Bd7 22. d4 Rfc8 23. Qd1 Qa3 24. Qb3 Qxb3 25. Rxb3 Rc2 26. Nb4 Rxd2 27. Nxd5 exd5 28. Bxd5 Bxa4 29. Rb4 Bc2 30. Rb2 Rc8 31. Bxb7 Rc3 32. Bf3 Rxe3 33. Rf2 Rxf2 34. Kxf2 Bxd4 35. Rb7+ Re7+ 36. Kg2 Rxb7 37. Bxb7 Be4+ 38. Bxe4 fxe4 39. g4 g5 40. Kg3 Kg6 41. a6 h5 42. h4 gxh4+ 43. Kxh4 hxg4 44. Kxg4 e3 45. Kf3 Kf5 46. Ke2 Ke4 47. Kd1 Kd3 48. Ke1 Ke4 49. Ke2 Ba7 50. Ke1 Kf3 51. Kf1 e2+ 52. Ke1 Bf2+ 0-1

[Event "Mostoles op 12th"]
[Site "Mostoles"]
[Date "2023.07.25"]
[Round "3"]
[White "Marsal Pla, Jaime"]
[Black "Ruiz Grau, David"]
[Result "1/2-1/2"]
[WhiteElo "1179"]
[BlackElo "1554"]
[PlyCount "141"]
[EventDate "2023.07.23"]
[EventType "swiss"]
[EventRounds "8"]
[EventCountry "ESP"]
[SourceTitle "CBM 215 Extra"]
[Source "ChessBase"]
[SourceDate "2023.09.30"]
[SourceVersion "1"]
[SourceVersionDate "2023.09.30"]
[SourceQuality "1"]

1. e4 c5 2. Nc3 d6 3. Bc4 a6 4. a3 Nc6 5. Nf3 Nf6 6. h3 e6 7. d4 cxd4 8. Nxd4 Be7 9. Ba2 0-0 10. 0-0 Bd7 11. Be3 Rc8 12. Qe2 Nxd4 13. Bxd4 Bc6 14. Rad1 Qc7 15. e5 dxe5 16. Bxe5 Qb6 17. Bd4 Qxb2 18. a4 Rfd8 19. Nd5 Qa3 20. Rd3 Qxa2 21. Nxe7+ Kf8 22. Nxc8 Rxc8 23. Bxf6 gxf6 24. Rfd1 Bd5 25. Qh5 Qxc2 26. Qh6+ Ke7 27. Qe3 Bc6 28. Qd4 Bd5 29. Qb4+ Qc5 30. Qb1 b5 31. axb5 axb5 32. Rg3 Qc2 33. Qb4+ Rc5 34. Rgd3 Qc4 35. Qa5 b4 36. Qa7+ Rc7 37. Qe3 Rc5 38. Rd4 Qb5 39. Rb1 b3 40. Rxd5 Rxd5 41. Qa7+ Rd7 42. Qa3+ Ke8 43. Rxb3 Rd1+ 44. Kh2 Qe5+ 45. g3 Ra1 46. Rb8+ Qxb8 47. Qxa1 Ke7 48. Qa3+ Qd6 49. Qa7+ Kf8 50. Qa8+ Kg7 51. h4 f5 52. h5 f4 53. Qa1+ f6 54. Qa7+ Kh6 55. g4 f3+ 56. Kh3 Qf4 57. Qf7 Qg5 58. Qxe6 Qe5 59. Qf7 Qa1 60. Qf8+ Kg5 61. Qg7+ Kf4 62. Qh6+ Ke5 63. Qe3+ Kd6 64. Qxf3 Qf1+ 65. Kg3 Qg1+ 66. Kf4 Qc1+ 67. Kg3 Qg1+ 68. Kf4 Qc1+ 69. Kg3 Qg1+ 70. Kf4 Qc1+ 71. Kg3 1/2-1/2

[Event "Collado Villalba Grupo Gallinero op 1st"]
[Site "Collado Villalba"]
[Date "2022.08.17"]
[Round "9"]
[White "Candeleda Mayoral, Ramon"]
[Black "Ruiz Grau, David"]
[Result "1/2-1/2"]
[WhiteElo "1357"]
[BlackElo "1452"]
[PlyCount "120"]
[EventDate "2022.08.12"]
[EventType "swiss"]
[EventRounds "9"]
[EventCountry "ESP"]
[SourceTitle "CBM 210 Extra"]
[Source "ChessBase"]
[SourceDate "2022.11.30"]
[SourceVersion "1"]
[SourceVersionDate "2022.11.30"]
[SourceQuality "1"]

1. d4 Nf6 2. Nf3 d5 3. c4 e6 4. Nc3 Be7 5. Bg5 h6 6. Bh4 0-0 7. e3 b6 8. cxd5 Nxd5 9. Bxe7 Nxe7 10. Bd3 Bb7 11. 0-0 Nd7 12. Be4 Nd5 13. Nxd5 exd5 14. Bc2 Rc8 15. Qd3 Nf6 16. Rac1 c5 17. Ne5 Ne4 18. f3 c4 19. Qe2 Nf6 20. Qd2 Ba6 21. Rfe1 Re8 22. e4 dxe4 23. f4 Bb7 24. Re3 b5 25. Bd1 a5 26. b3 Bd5 27. Qb2 cxb3 28. Rxc8 Qxc8 29. Bxb3 Bxb3 30. Qxb3 Rxe5 31. fxe5 Qc1+ 32. Kf2 Ng4+ 33. Ke2 Nxe3 34. Qxe3 Qb2+ 35. Qd2 Qxd2+ 36. Kxd2 Kf8 37. Ke3 Ke7 38. d5 f5 39. exf6+ Kxf6 40. Kxe4 Ke7 41. Kd4 Kd6 42. a3 h5 43. g3 g5 44. h4 gxh4 45. gxh4 b4 46. axb4 axb4 47. Kc4 b3 48. Kxb3 Kxd5 49. Kc2 Ke4 50. Kd1 Kf3 51. Ke1 Kg2 52. Ke2 Kg3 53. Kf1 Kxh4 54. Kg2 Kg4 55. Kh2 h4 56. Kg2 h3+ 57. Kh2 Kh4 58. Kh1 Kg3 59. Kg1 h2+ 60. Kh1 Kh3 1/2-1/2

[Event "Merida World Heritage op 2nd"]
[Site "Merida"]
[Date "2022.08.06"]
[Round "7"]
[White "Ruiz Grau, David"]
[Black "Sanchez Garcia, Jesus Maria"]
[Result "0-1"]
[WhiteElo "1452"]
[BlackElo "1812"]
[PlyCount "119"]
[EventDate "2022.08.02"]
[EventType "swiss"]
[EventRounds "9"]
[EventCountry "ESP"]
[SourceTitle "EXT 2023"]
[Source "ChessBase"]
[SourceDate "2022.10.05"]
[SourceVersion "1"]
[SourceVersionDate "2022.10.05"]
[SourceQuality "1"]

1. d4 Nf6 2. Nf3 d5 3. Bf4 e6 4. e3 Bd6 5. Bg3 0-0 6. Nbd2 c5 7. c3 Qc7 8. Bd3 Nbd7 9. 0-0 Bxg3 10. hxg3 e5 11. Nxe5 Nxe5 12. dxe5 Qxe5 13. Nf3 Qh5 14. Nh2 Ng4 15. Nxg4 Bxg4 16. f3 Bd7 17. Kf2 Qg5 18. Rh1 h6 19. Rh4 Bf5 20. Qc2 Bxd3 21. Qxd3 Rfe8 22. Rg4 Qe5 23. Rh1 Re6 24. f4 Qe4 25. Qxe4 dxe4 26. Rd1 Ra6 27. a3 Rb6 28. b4 cxb4 29. cxb4 Rc8 30. Rd2 Ra6 31. Ra2 Rc4 32. f5 Rd6 33. Ke2 Rf6 34. Rf4 Kf8 35. g4 Ke7 36. Rd2 Rd6 37. Rxd6 Kxd6 38. Kd2 Ke5 39. Rf1 Kf6 40. Rc1 Rxc1 41. Kxc1 Kg5 42. Kc2 Kxg4 43. Kc3 Kg3 44. Kd4 Kxg2 45. Kxe4 h5 46. Kf4 h4 47. e4 h3 48. e5 h2 49. e6 fxe6 50. fxe6 h1Q 51. Ke5 Qe1+ 52. Kd6 Qd2+ 53. Kc7 Qe3 54. Kd7 Qd4+ 55. Ke8 g5 56. e7 g4 57. b5 a6 58. bxa6 bxa6 59. a4 Qxa4+ 60. Kf7 0-1

[Event "Mostoles op 11th"]
[Site "Mostoles"]
[Date "2022.07.18"]
[Round "2"]
[White "Ruiz Grau, David"]
[Black "Arranz Toro, Diego"]
[Result "1-0"]
[WhiteElo "1439"]
[BlackElo "1644"]
[PlyCount "69"]
[EventDate "2022.07.17"]
[EventType "swiss"]
[EventRounds "9"]
[EventCountry "ESP"]
[SourceTitle "EXT 2024"]
[Source "ChessBase"]
[SourceDate "2023.10.10"]
[SourceVersion "1"]
[SourceVersionDate "2023.10.10"]
[SourceQuality "1"]

1. d4 f5 2. Nf3 Nf6 3. Bf4 g6 4. e3 Bg7 5. c4 0-0 6. Nc3 d6 7. Be2 Nc6 8. 0-0 a6 9. a3 Qe8 10. Nd5 Nxd5 11. cxd5 e5 12. dxc6 bxc6 13. dxe5 dxe5 14. Bg3 f4 15. exf4 exf4 16. Bc4+ Kh8 17. Re1 Qd7 18. Qxd7 Bxd7 19. Rad1 Bg4 20. Bh4 Bxb2 21. Be7 Rfe8 22. Rb1 Bc3 23. Rec1 Rxe7 24. Rxc3 Be6 25. Re1 Rae8 26. Rxe6 Rxe6 27. Bxe6 Rxe6 28. Kf1 Kg7 29. Nd4 Re4 30. Nxc6 Kf6 31. Nb4 a5 32. Nd5+ Ke5 33. Nxc7 Kd4 34. Nb5+ Kd5 35. Rc7 1-0

[Event "Merida World Heritage op 1st"]
[Site "Merida"]
[Date "2021.08.06"]
[Round "4"]
[White "Ruiz Grau, David"]
[Black "Costa, Fernando Soares Fer"]
[Result "1-0"]
[WhiteElo "1358"]
[BlackElo "1003"]
[PlyCount "79"]
[EventDate "2021.08.04"]
[EventType "swiss"]
[EventRounds "9"]
[EventCountry "ESP"]
[SourceTitle "EXT 2023"]
[Source "ChessBase"]
[SourceDate "2022.10.05"]
[SourceVersion "1"]
[SourceVersionDate "2022.10.05"]
[SourceQuality "1"]

1. d4 d5 2. Bf4 e6 3. Nf3 Bd6 4. Bg3 Bxg3 5. hxg3 h6 6. e3 Nf6 7. Bd3 Bd7 8. Nbd2 Nc6 9. c3 Qe7 10. a4 a5 11. Nb3 e5 12. Bb5 exd4 13. Nbxd4 Nxd4 14. Bxd7+ Qxd7 15. Qxd4 0-0 16. Ne5 Qe6 17. g4 Nd7 18. Nxd7 Qxd7 19. g5 hxg5 20. Qe5 f6 21. Qh2 Kf7 22. Qh5+ Ke7 23. Qg6 Rg8 24. Rh7 Kd6 25. 0-0-0 c6 26. e4 Kc7 27. e5 fxe5 28. Qxg5 e4 29. c4 Raf8 30. Qe5+ Qd6 31. Rxg7+ Rxg7 32. Qxg7+ Kb6 33. Qd4+ Ka6 34. cxd5 cxd5 35. Qe3 Qc6+ 36. Kb1 Qxa4 37. Rxd5 Rh8 38. Rd6+ Kb5 39. Qb6+ Kc4 40. Rd4# 1-0

[Event "De los Reyes op 21st"]
[Site "De los Reyes"]
[Date "2019.12.02"]
[Round "3"]
[White "Lopez Ibarra Perdones, Miguel"]
[Black "Ruiz Grau, David"]
[Result "0-1"]
[WhiteElo "1136"]
[BlackElo "1363"]
[PlyCount "80"]
[EventDate "2019.11.30"]
[EventType "swiss"]
[EventRounds "9"]
[EventCountry "ESP"]
[SourceTitle "CBM 193 Extra"]
[Source "ChessBase"]
[SourceDate "2020.01.31"]
[SourceVersion "1"]
[SourceVersionDate "2020.01.31"]
[SourceQuality "1"]

1. e4 c5 2. Nf3 e6 3. d4 cxd4 4. Nxd4 Nc6 5. Nc3 Qc7 6. a3 a6 7. Qd3 Ne5 8. Qg3 d6 9. f4 Nc6 10. Qf2 Bd7 11. Bd3 Nf6 12. f5 Nxd4 13. Qxd4 Be7 14. Be3 e5 15. Qb6 Bd8 16. Qxc7 Bxc7 17. 0-0 Ng4 18. Rae1 Nxe3 19. Rxe3 Bb6 20. Nd5 Bxe3+ 21. Nxe3 Bc6 22. f6 g6 23. b4 b5 24. c4 Rd8 25. cxb5 axb5 26. Rc1 Kd7 27. Kf2 Ra8 28. Rc3 Rhc8 29. Rb3 h5 30. g4 Ke6 31. gxh5 gxh5 32. Be2 Bxe4 33. Bxh5 Rh8 34. Bg4+ Kxf6 35. Bf3 Rxh2+ 36. Bg2 Rg8 37. Kf1 Bxg2+ 38. Nxg2 Rgxg2 39. Rf3+ Ke6 40. Re3 Ra2 0-1

[Event "Collado Villalba op-B 36th"]
[Site "Collado Villalba"]
[Date "2019.08.23"]
[Round "1"]
[White "Bahillo Vallejo, Ignacio"]
[Black "Ruiz Grau, David"]
[Result "1-0"]
[WhiteElo "1721"]
[BlackElo "1322"]
[PlyCount "97"]
[EventDate "2019.08.23"]
[EventType "swiss"]
[EventRounds "9"]
[EventCountry "ESP"]
[SourceTitle "CBM 192 Extra"]
[Source "Chessbase"]
[SourceDate "2019.11.06"]
[SourceVersion "1"]
[SourceVersionDate "2019.11.06"]
[SourceQuality "1"]

1. d4 d5 2. Bf4 Nf6 3. Nf3 e6 4. e3 c5 5. c3 Nc6 6. Bd3 Be7 7. Nbd2 0-0 8. 0-0 b6 9. Re1 Bb7 10. a3 cxd4 11. exd4 Bd6 12. Ne5 Qc7 13. Bg3 Ne7 14. Ng4 Nxg4 15. Bxd6 Qxd6 16. Qxg4 Ng6 17. h4 Qf4 18. Qxf4 Nxf4 19. Bb5 a6 20. Bf1 a5 21. g3 Ng6 22. Rac1 Rfd8 23. Red1 Ne7 24. Nf3 Bc6 25. Ne5 f6 26. Nd3 Ba4 27. Re1 Kf7 28. Bh3 Rd6 29. Re3 Ng6 30. f4 Nf8 31. Rce1 Re8 32. b4 Bb5 33. Nb2 a4 34. f5 Bd7 35. c4 b5 36. c5 Rc6 37. Nd3 exf5 38. Rxe8 Bxe8 39. Nf4 Ne6 40. Nxd5 g6 41. Rd1 Nc7 42. Bg2 Kf8 43. Nxc7 Rxc7 44. d5 Re7 45. d6 Re3 46. c6 Rxg3 47. d7 Kf7 48. d8Q Bxc6 49. Qc7+ 1-0

[Event "Collado Villalba 64 op 7th"]
[Site "Collado Villalba"]
[Date "2019.08.02"]
[Round "6"]
[White "Gonzalez Sanchez, Jose"]
[Black "Ruiz Grau, David"]
[Result "1/2-1/2"]
[WhiteElo "1638"]
[BlackElo "1322"]
[PlyCount "65"]
[EventDate "2019.07.29"]
[EventType "swiss"]
[EventRounds "9"]
[EventCountry "ESP"]
[SourceTitle "CBM 195 Extra"]
[Source "ChessBase"]
[SourceDate "2020.05.31"]
[SourceVersion "1"]
[SourceVersionDate "2020.05.31"]
[SourceQuality "1"]

1. e4 c5 2. Nf3 d6 3. d4 cxd4 4. Nxd4 Nf6 5. Nc3 g6 6. Be3 Bg7 7. f3 0-0 8. Qd2 Nc6 9. Bc4 Bd7 10. h4 Rc8 11. Bb3 Nxd4 12. Bxd4 b5 13. 0-0-0 a5 14. Nd5 a4 15. Nxf6+ exf6 16. Bd5 Bc6 17. h5 Bxd5 18. exd5 Qc7 19. Kb1 g5 20. h6 Bh8 21. g4 Qc4 22. Bc3 Rfe8 23. Rh5 Qe2 24. Qd4 Rxc3 25. bxc3 Qxf3 26. Rd3 a3 27. Rd1 Re4 28. Qd2 Kf8 29. Rdh1 f5 30. Qxg5 Qxc3 31. Qd8+ Re8 32. Qxd6+ Re7 33. Qd8+ 1/2-1/2

[Event "Collado Villalba 64 op 7th"]
[Site "Collado Villalba"]
[Date "2019.07.30"]
[Round "2"]
[White "Cujba, Anca Claudia"]
[Black "Ruiz Grau, David"]
[Result "1/2-1/2"]
[WhiteElo "1620"]
[BlackElo "1322"]
[PlyCount "93"]
[EventDate "2019.07.29"]
[EventType "swiss"]
[EventRounds "9"]
[EventCountry "ESP"]
[SourceTitle "CBM 195 Extra"]
[Source "ChessBase"]
[SourceDate "2020.05.31"]
[SourceVersion "1"]
[SourceVersionDate "2020.05.31"]
[SourceQuality "1"]

1. d4 Nf6 2. Bf4 d5 3. e3 e6 4. Nf3 c5 5. c3 Nc6 6. Nbd2 Be7 7. Be2 0-0 8. h3 Re8 9. 0-0 Bd6 10. Ne5 Bxe5 11. Bxe5 Nxe5 12. dxe5 Nd7 13. f4 Qb6 14. Qb3 c4 15. Qxb6 axb6 16. e4 Nc5 17. exd5 exd5 18. Bf3 Rd8 19. b3 b5 20. g4 d4 21. bxc4 bxc4 22. Nxc4 Be6 23. Nd6 dxc3 24. a4 Rxa4 25. Rxa4 Nxa4 26. Bxb7 Bb3 27. Rc1 c2 28. Be4 Nc3 29. Bd3 Na2 30. Rxc2 Bxc2 31. Bxc2 Nc3 32. Kf2 Rb8 33. Kf3 Nb5 34. Ke4 Nc3+ 35. Ke3 h6 36. Bd3 Kf8 37. Bc4 Nd1+ 38. Kd4 Nf2 39. Nxf7 Nxh3 40. f5 Ng5 41. Nxg5 hxg5 42. Kc5 Rb2 43. Bd5 Ke7 44. Kc4 Ra2 45. Kd4 Re2 46. e6 Re1 47. Kc5 1/2-1/2

[Event "Madrid Codes Memorial 13th"]
[Site "Madrid"]
[Date "2019.03.31"]
[Round "1.9"]
[White "Jimenez Ibanez, Juan C"]
[Black "Ruiz Grau, David"]
[Result "0-1"]
[WhiteElo "1730"]
[BlackElo "1291"]
[PlyCount "28"]
[EventDate "2019.03.31"]
[EventType "swiss"]
[EventRounds "9"]
[EventCountry "ESP"]
[SourceTitle "EXT 2024"]
[Source "ChessBase"]
[SourceDate "2023.10.10"]
[SourceVersion "1"]
[SourceVersionDate "2023.10.10"]
[SourceQuality "1"]

1. d4 d5 2. Bg5 c5 3. c3 Qb6 4. Qd2 Bf5 5. e3 Nc6 6. f4 Nf6 7. Bxf6 exf6 8. Bd3 Bxd3 9. Qxd3 Qxb2 10. Ne2 c4 11. Qd2 Qxa1 12. 0-0 Be7 13. Na3 Qxf1+ 14. Kxf1 Bxa3 0-1